LEGO Sonic the Hedgehog: Minifigures by Picture - Statistics

General Stats
  • This quiz has been taken 88 times
    24 since last reset
  • The average score is 9 of 10
Answer Stats
Picture Answer % Correct
Amy Rose
100%
Doctor Ivo "Eggman" Robotnik
95%
Knuckles the Echidna
95%
Miles "Tails" Prower
95%
Metal Sonic
90%
Shadow the Hedgehog
90%
Sonic the Hedgehog
86%
Rouge the Bat
81%
Silver the Hedgehog
76%
Cubot
67%
No matching quizzes found
Score Distribution
Percent of People with Each Score
Percentile by Number Answered
Your Score History
You have not taken this quiz since the last reset